| 000 | 01095nam a22002655i 4500 | ||
|---|---|---|---|
| 001 | 161211 | ||
| 003 | ES-MaACL | ||
| 005 | 20230906212223.0 | ||
| 008 | 020408q18951898sp |||| | spa d | ||
| 040 |
_aNA _bspa _cNA |
||
| 100 | 0 |
_aOzcariz y Lasaga, Víctor. _988071 |
|
| 245 | 1 | 0 |
_aColección de cuadros sinópticos sobre Historia, Geografía, Literatura, Odas de Horacio, Estudios y discursos con el programa de Retórica y Poética / _cpor Victor Ozcariz y Lasaga. |
| 260 |
_aGerona : _b[s.n.], _c[s.a.] ( _fImprenta y Librería de Paciano Torres) |
||
| 300 |
_aVI, 66 p. ; _c23 cm. |
||
| 490 | 1 | _aEl Panorama Literario | |
| 505 | 8 | _aContiene: 1ª Parte: Cuadros sinópticos | |
| 510 | 4 | _aIndices de impresores, editores e ilustradores. S. XIX | |
| 596 | 1 | _aFechas de la actividad conocida del impresor, 1895-1898. | |
| 650 | 4 |
_aRetórica. _916882 |
|
| 650 | 4 |
_aPoética. _916254 |
|
| 830 | 0 |
_aEl Panorama Literario _9222093 |
|
| 852 |
_aES-MaACL _jG-12075 _z-- Enc. cartón _z-- Dedicatoria ms. del autor al Ateneo |
||
| 852 |
_aES-MaACL _jT-468-F-22 |
||
| 999 |
_c161211 _d161211 |
||